01893nam a2200265 a 4500001001000000003000900010005001700019008004100036020001500077040002500092082002400117111008200141245017600223250001200399260003400411300004300445504003200488505074300520650007801263650009301341650007801434700002601512700003401538710005501572000014884DO-SdBNP20250428134901.0100127s2008 dr abd 001 0 spa d z9945859501 aDO-SdBNPbspacBNPHU a333.72bF727a, 20081 aForo sobre Desarrollo HumanocSanto Domingo, República Dominicanad1: 2006:10aÁreas protegidas y desarrollo humano :b¿por qué proteger a una iguana cuando hay niños desnutridos ? /ccoordinación general Rosa Cañete Alonso y Miguel Silva. a2a. ed. aSanto Domingo :bPNUD,c2008. a157 p. :bil., gráf., map. ;c23 cm. aBibliografía : p. 147 1510 aPrólogo -- Introducción -- Áreas protegidas y desarrollo humano -- El Sistema Nacional de Áreas Protegidas de República Dominicana (1956-2006): 50 años de evolución histórica hacia el desarrollo humano -- Conflictos entre involucrados con el uso y gestión de las áreas protegidas -- Participación del público y respuestas de los expositores -- Las experiencias exitosas de Bolivia, Bostwana, Perú, Ghana y Congo -- El programa de pequeños subsidios: su contribución al desarrollo y empoderamiento local --Reserva científica Loma Quita Espuela, provincia Duarte -- Monumento natural Salto del Limón, provincia Samaná -- Participación del público -- Conclusión -- Notas -- Bibliografía -- Anexos. 7aÁreas protegidaszRepública DominicanavCongresos, conferencias, etc. 4aConservación recursos naturaleszRepública DominicanavCongresos, conferencias, etc. 4aParques nacionaleszRepública DominicanavCongresos, conferencias, etc.12aSilva, Miguel,ecoor.12aCañete Alonso, Rosa,ecoor.2 aPrograma de las Naciones Unidas para el Desarrollo